000 00481nam a2200205Ia 4500
003 OSt
005 20230526153349.0
008 210423s2002 xx 000 0 und d
040 _cAL
041 _aeng
082 _a821
_223
_bPRAS
100 _aPRASAD (V S Skanda)
_9114928
245 _aSamvedana
260 _aMangalore
_bChetana Publications
_c2002
300 _a40
_bPB
365 _cINR
650 _aEnglish Poetry
_9114929
906 _aSamvedana
942 _2ddc
_cBK
999 _c173393
_d173393